| 000 | 01062cam a2200301 a 4500 | ||
|---|---|---|---|
| 001 | 12448727 | ||
| 003 | OSt | ||
| 005 | 20211209112144.0 | ||
| 008 | 010622s2001 nyua 001 0 eng | ||
| 010 | _a 2001045281 | ||
| 020 | _a0071376003 | ||
| 038 | _akhadija | ||
| 040 |
_aDLC _cDLC _dDLC |
||
| 050 | 0 | 0 |
_aHF5485 _b.F69 2002 |
| 082 | 0 | 0 |
_a658.785 _221 _bFRA |
| 100 | 1 |
_aFrazelle, Edward. _986194 |
|
| 245 | 1 | 0 |
_aWorld-class Warehousing and Material Handling / _cEdward Frazelle. |
| 260 |
_aNew York : _bMcGraw-Hill, _cc2002. |
||
| 300 |
_aix, 242 p. : _bill. ; _c24 cm. |
||
| 500 | _aIncludes index. | ||
| 563 | _aHB | ||
| 650 | 0 |
_aWarehouses _xManagement. _986195 |
|
| 650 | 0 |
_aMaterials handling. _986196 |
|
| 856 | 4 | 2 |
_3Contributor biographical information _uhttp://www.loc.gov/catdir/bios/mh041/2001045281.html |
| 906 |
_a7 _bcbc _corignew _d1 _eocip _f20 _gy-gencatlg |
||
| 942 |
_2ddc _cBK |
||
| 999 |
_c32062 _d32062 |
||